| 000 | 01090nam a22003377a 4500 | ||
|---|---|---|---|
| 003 | CHAP | ||
| 005 | 20220329133814.0 | ||
| 008 | 971013s1987 r 00010 d | ||
| 010 | _a11169 | ||
| 011 | _a12141 | ||
| 035 | _a14310 | ||
| 040 | _cCHAP | ||
| 090 | _aTesis | ||
| 100 | 0 | 0 |
_aSandoval Villa, Manuel. _9102177 |
| 245 | _aEvaluación de la desertificación en el municipio de Cuauhtémoc, Colima | ||
| 260 |
_aChapingo, Méx. : _bEl autor, _c1987 |
||
| 300 | _a120 p., apénd. | ||
| 502 | _aTesis (Ing. Agrónomo Esp. en Suelos) -- UACH. Departamento de Suelos | ||
| 590 |
_aALEPH _b10 _c20130110 _lUCH01 _h1228 |
||
| 590 |
_aBATCH-UPD _b10 _c20130110 _lUCH01 _h1337 |
||
| 590 |
_aBATCH-UPD _b10 _c20130410 _lUCH01 _h0840 |
||
| 590 |
_aBATCH-UPD _b10 _c20130914 _lUCH01 _h1158 |
||
| 590 |
_aCONVERSION _b10 _c20130109 _lUCH01 _h1307 |
||
| 650 | 1 | 4 |
_aDesertificación. _932128 |
| 650 | 1 | 4 |
_aErosión. _937335 |
| 650 | 1 | 4 |
_aSuelos _xColima. _9110275 |
| 901 | _aBK | ||
| 942 | _cTESIS | ||
| 949 |
_bBC _cTES _d-153750 _eTS1 _h19902 _i14310 _si |
||
| 949 |
_bS _cTESBD _d-26449 _eTS1 _i14310 _si |
||
| 999 |
_c11169 _d11169 |
||